|
|
|
|
| LEADER |
00000cam a2200000 a 4500 |
| 001 |
vtls011595973 |
| 003 |
SK-MaSNL |
| 005 |
20260426012754.0 |
| 008 |
240318s2016 xr o f n 001 0 eng |
| 020 |
|
|
|a 9788074356537
|q (brožované)
|
| 040 |
|
|
|a SNK
|b slo
|c SNK
|e AACR2
|
| 041 |
0 |
|
|a eng
|b slo
|
| 043 |
|
|
|a e-xo---
|a e-it---
|
| 044 |
|
|
|a xr
|c CZ
|
| 072 |
|
7 |
|a 82-1/-8
|x Literatúra rôznych foriem a žánrov (o nej)
|2 konspekt
|
| 080 |
|
|
|a 821.131.1-3
|2 2011
|
| 080 |
|
|
|a 821.162.4-3
|2 2011
|
| 080 |
|
|
|a 82-94
|2 2011
|
| 080 |
|
|
|a 82(=411.16)
|2 2011
|
| 080 |
|
|
|a 323.12"1939/1945"
|2 2011
|
| 080 |
|
|
|a 82:7.04
|2 2011
|
| 080 |
|
|
|a (437.6)
|2 2011
|
| 080 |
|
|
|a (450)
|2 2011
|
| 080 |
|
|
|a (048.8)
|2 2011
|
| 100 |
1 |
|
|a Šuša, Ivan,
|d 1979-
|4 aut
|9 154686
|
| 245 |
1 |
0 |
|a Areal intersections in slovak and italian memoir literature
|b vědecká monografie
|c Ivan Šuša
|
| 260 |
|
|
|a Hradec Králové
|b Gaudeamus
|b Univerzita Hradec Králové
|c 2016
|
| 300 |
|
|
|a 107 s.
|b fotogr.
|c 21 cm
|
| 366 |
|
|
|e 100 výt.
|
| 504 |
|
|
|a Obsahuje bibliografiu, bibliografické odkazy, register
|
| 546 |
|
|
|a Res. slovensky
|
| 648 |
|
7 |
|a 20.-21. stor.
|2 SNKPH
|9 270701
|
| 648 |
|
7 |
|a 20th-21st century
|2 SNKPHeng
|9 338108
|
| 650 |
0 |
7 |
|a talianska próza
|2 SNKPH
|9 1216
|
| 650 |
0 |
7 |
|a slovenská próza
|2 SNKPH
|9 1206
|
| 650 |
0 |
7 |
|a memoárová literatúra
|2 SNKPH
|9 1291
|
| 650 |
0 |
7 |
|a Židia v literatúre
|2 SNKPH
|9 68352
|
| 650 |
0 |
7 |
|a holokaust (1939-1945)
|2 SNKPH
|9 160313
|
| 650 |
0 |
7 |
|a literárne námety
|2 SNKPH
|9 2886
|
| 650 |
0 |
7 |
|a Italian prose
|2 SNKPHeng
|9 437568
|
| 650 |
0 |
7 |
|a Slovak prose
|2 SNKPHeng
|9 325779
|
| 650 |
0 |
7 |
|a Memorizing
|2 SNKPHeng
|9 340471
|
| 650 |
0 |
7 |
|a Jews in literature
|2 SNKPHeng
|9 482637
|
| 650 |
0 |
7 |
|a Holocaust (1939-1945)
|2 SNKPHeng
|9 164372
|
| 650 |
0 |
7 |
|a Literary themes
|2 SNKPHeng
|9 313076
|
| 651 |
|
7 |
|a Slovensko
|2 SNKPH
|9 14231
|
| 651 |
|
7 |
|a Taliansko
|2 SNKPH
|9 21019
|
| 651 |
|
7 |
|a Slovakia
|2 SNKPHeng
|9 92630
|
| 651 |
|
7 |
|a Italy
|2 SNKPHeng
|9 286419
|
| 655 |
|
7 |
|a monografie
|2 SNKPH
|9 70139
|
| 655 |
|
7 |
|a Monographs
|2 SNKPHeng
|9 120675
|
| 852 |
|
|
|a Štátna vedecká knižnica v Banskej Bystrici
|
| 919 |
|
|
|a 978-80-7435-653-7
|
| 958 |
|
|
|a TL
|
| 958 |
|
|
|a NB
|
| 958 |
|
|
|a SK
|
| 958 |
|
|
|a IT
|
| 999 |
|
|
|c 1105413
|d 1107343
|
| 952 |
|
|
|a SNK
|b SNK
|y PREZ
|7 0
|p 17A1218779
|o snkSC 171997
|i snk2016/27930
|8 1
|0 0
|1 0
|4 0
|d 2016-12-02
|l 0
|r 2025-09-10 00:00:00
|w 2026-02-24
|
| 952 |
|
|
|a SNK
|b SNK
|y VYP
|7 0
|p 17A1218778
|o snkSC 171997 D1
|i snk2016/27931
|8 1
|0 0
|1 0
|4 0
|d 2016-12-02
|l 0
|r 2026-02-24 17:43:51
|w 2026-02-24
|